Tour de France Grand Départ outside France - Statistics

General Stats
  • This quiz has been taken 15 times
  • The average score is 20 of 28
Answer Stats
# City Country % Correct
1954 Amsterdam Netherlands
100%
2026 Barcelona Spain
92%
2022 Copenhagen Denmark
92%
1998 Dublin Ireland
92%
2007 London United Kingdom
92%
1989 Luxembourg City Luxembourg
92%
2002 Luxembourg City Luxembourg
92%
1958 Brussels Belgium
83%
2019 Brussels Belgium
83%
2014 Leeds United Kingdom
83%
2004 Liège Belgium
83%
2012 Liège Belgium
83%
2009 Monaco Monaco
83%
1987 (West) Berlin West Germany
83%
1982 Basel Switzerland
75%
2023 Bilbao Spain
75%
1965 Cologne West Germany
75%
2017 Düsseldorf Germany
75%
2010 Rotterdam Netherlands
75%
2024 Florence Italy
67%
1980 Frankfurt West Germany
67%
2015 Utrecht Netherlands
67%
1975 Charleroi Belgium
50%
2027 Edinburgh United Kingdom
50%
1978 Leiden Netherlands
25%
1992 San Sebastián Spain
25%
1996 s'-Hertogenbosch Netherlands
25%
1973 Scheveningen Netherlands
8%
No matching quizzes found
Score Distribution
Percent of People with Each Score
Percentile by Number Answered
Your Score History
You have not taken this quiz